000 00790cab a2200253 4500
001 ABS55359
008 090401t1996 xxu||||| |||| 00| 0 eng d
035 _a(Sirsi) u15956
041 _aeng
100 _aHeighton, M.
245 _aOverriding leases and VAT
260 _c1996
350 _a0
490 _aMcKenna Law Letter
_vSpring 1996, 17-18(2)
520 _aComments on the provisions in the Landlord and Tenants (Covenants) Act 1995 relating to overriding leases and the implicaitons for VAT payments on rent arrears.
650 _aLANDLORD AND TENANTS (COVENANTS) ACT 1995
650 _aOVERRIDING LEASES
650 _aRENT ARREARS
650 _aVALUE ADDED TAX
690 _aLandlord and tenant
_96252
690 _aTAXATION
942 _n0
948 _c04/03/1997
999 _c10502
_d10502